People in History A-Z #11 - Statistics

General Stats
  • This quiz has been taken 705 times
  • The average score is 11 of 26
Answer Stats
Hint Answer % Correct
L Beatles member murdered in 1980 known for his peace activism John Lennon
91%
J Notorious 19th century London serial killer Jack the Ripper
88%
B Lead singer of U2 whose real name is Paul Hewson Bono
82%
N Russia's last Tsar. Nicholas II
79%
G Argentine-born Marxist and guerilla leader during the Cuban Revolution Che Guevara
73%
I Australian tv personality know as The Crocodile Hunter Steve Irwin
73%
D Welsh Children's writer who wrote Matilda and James and the Giant Peach Roald Dahl
71%
A Founder of modern Turkey who gained independence from the Ottoman Empire Mustafa Kemal Atatürk
69%
T British-American actress known for her roles in National Velvet and Cleopatra Elizabeth Taylor
53%
K American Secretary of State who negotiated American withdrawal from Vietnam Henry Kissinger
53%
H Greek historian considered the first historian and 'The Father of History' Herodotus
41%
O One half of 1970 pop rock music duo, known for numbers 'Out of Touch' and 'Maneater' John Oates
41%
Z Academy award winning actress known for her roles in Chicago, Traffic and Entrapment Catherine Zeta-Jones
39%
E British monarch who forged the Triple Alliance and modernised the Royal Navy Edward VII
37%
P Russian leader who led a cultural revolution based on the concepts of Enlightenment Peter the Great
33%
M Tenth emperor of the Mali empire considered one of the richest people in history Musa I
28%
C Grunge singer of Audioslave and Sound Garden known for his powerful vocal belting Chris Cornell
21%
Y Soviet football star considered to be one of the greatest goalkeepers of all time Lev Yashin
20%
F Influential French philosopher who focused on power relationship and knowledge Michel Foucault
16%
W Irish radio presenter and the most listened-to presenter in Europe in the mid-2000s Terry Wogan
16%
U East German leader from 1960-73 Walter Ulbricht
16%
S Tenth Sultan of the Ottoman Empire who lay siege to Vienna in 1529 Suleiman the Magnificent
14%
R American jazz musician widely considered one of the best drummers of all time Buddy Rich
9%
X A patron saint of Saint Petersburg who gave all her possessions to the poor after her husband died. Xenia
8%
V Eastern Roman Emperor from 364 to 378 Valens
4%
Q German pacifist, critic of Emperor Wilhelm II and Nobel Peace Prize recipient Ludwig Quidde
2%
No matching quizzes found
Score Distribution
Percent of People with Each Score
Percentile by Number Answered
Your Score History
You have not taken this quiz